| 000 | 01651nam a2200337 a 4500 | ||
|---|---|---|---|
| 001 | BRCA_3234 | ||
| 005 | 20190320204158.0 | ||
| 008 | 060309s1799----enka---###---#000-0#eng-# | ||
| 041 | _aeng | ||
| 044 | _aenk | ||
| 084 |
_a535 _b.C666 _c1799 |
||
| 100 | 1 |
_aCervantes Saavedra, Miguel de _d1547-1616 _9213 |
|
| 245 | 1 | 0 |
_aThe History and Adventures of the Renowned Don Quixote _cTranslated from the Spanish of Miguel de Cervantes Saavedra by Smollett to which is Prefixed the Life of the Author. |
| 260 |
_aLondres _bC. Cooke _c1799 |
||
| 300 |
_a2 v. en 4 tomos _bil. _c15 cm. |
||
| 440 | 0 |
_aSelected Novels _98624 |
|
| 500 | _aContenido : v.1. Primera parte. Vida de Cervantes. Advertencia de Smollett. Prólogo del autor. -- v.2 Segunda parte. Prólogo del autor. Aprobaciones y licencia de la edición príncipe | ||
| 500 | _aEdición : Cook´s Edition. Embellished with Superb Engravings | ||
| 500 | _aEdición de bolsillo de la traducción de Smollett, adornada con láminas dibujadas por Hayman y otros. Bonita edición, impresa con tipos pequeños. Piel; lomeras decoradas con filetes dorados Lúdovik Osterc | ||
| 500 | _aQM428 | ||
| 546 | _aTexto en : inglés | ||
| 650 | 1 | 4 |
_aNovela española _yÉpoca clásica, 1500-1700 _9215 |
| 650 | 1 | 4 |
_aLiteratura española _yÉpoca clásica, 1500-1700 _9216 |
| 650 | 1 | 4 |
_aNovela española _ySiglo XVII _9217 |
| 650 | 1 | 4 |
_aDon Quijote (Personaje ficticio) _eNovela _9218 |
| 700 | 1 |
_aSmollett, Tobias George _d1721-1771 _eTraductor _98625 |
|
| 700 | 1 |
_aHayman, Francis _d1708-1776 _eIlustrador _98626 |
|
| 740 | 0 | _aEl Ingenioso Hidalgo Don Quijote de la Mancha | |
| 902 | _aQFM | ||
| 942 |
_2lcc _cB |
||
| 999 |
_c2970 _d2970 |
||